Como 1907 Squad 2024-2025 - Statistics

General Stats
  • This quiz has been taken 268 times
    154 since last reset
  • The average score is 21 of 43
Answer Stats
# Position Nation Player % Correct
79 MF Argentina Nico Paz
92%
38 FW Spain Assane Diao
90%
- Coach Spain Cesc Fàbregas
85%
10 FW Italy Patrick Cutrone
84%
25 GK Spain Pepe Reina
82%
1 GK Indonesia Emil Audero
81%
20 MF Spain Sergi Roberto
81%
30 GK France Jean Butez
79%
2 DF Germany Marc Oliver Kempf
76%
7 FW Brazil Gabriel Strefezza
73%
18 DF Spain Alberto Moreno
70%
23 MF Argentina Máximo Perrone
70%
33 FW France Lucas Da Cunha
69%
11 FW Greece Anastasios Douvikas
68%
5 DF Italy Edoardo Goldaniga
68%
8 MF England Dele Alli
65%
16 FW Gambia Alieu Fadera
60%
19 FW France Jonathan Ikoné
60%
11 FW Italy Andrea Belotti
58%
41 DF Spain Álex Valle
57%
80 MF France Maxence Caqueret
55%
31 DF Kosovo Mërgim Vojvoda
54%
13 DF Italy Alberto Dossena
53%
77 DF Belgium Ignace Van der Brempt
51%
9 FW Italy Alessandro Gabrielloni
49%
27 MF Austria Matthias Braunöder
37%
28 DF Croatia Ivan Smolčić
36%
26 MF Germany Yannik Engelhardt
32%
15 DF Brazil Fellipe Jack
29%
36 MF Italy Luca Mazzitelli
28%
6 MF Italy Alessio Iovine
27%
8 MF Italy Daniele Baselli
24%
93 DF Italy Federico Barba
24%
3 DF Italy Marco Sala
24%
90 MF Italy Simone Verdi
22%
4 MF Ivory Coast Ben Lhassine Kone
20%
22 GK Italy Mauro Vigorito
19%
14 FW Iraq Ali Jasim
18%
90 FW Spain Iván Azón
15%
17 FW Italy Alberto Cerri
13%
44 MF Ireland Naj Razi
9%
58 MF Italy Giuseppe Mazzaglia
3%
12 GK Italy Pierre Bolchini
3%
No matching quizzes found
Score Distribution
Percent of People with Each Score
Percentile by Number Answered
Your Score History
You have not taken this quiz since the last reset